000
00335nam a2200145Ia 4500
008
100122s9999 xx 000 0 und d
082
_b
67544
_a
823
100
_a
COBEN HARLAN
245
_a
NO SECOND CHANCE
260
_b
SIGNET
_c
2003
300
_a
420
630
_a
NO SECOND CHANCE
730
_a
NO SECOND CHANCE
942
_c
BOOK
999
_c
381044
_d
381041